000 00485nam a2200157Ia 4500
008 210716s2004 xx 000 0 und d
020 _a8123908601
041 _aeng
082 _a150 BLUM
100 _aBlum, Milton L;Naylor, James C.
245 _aIndustrial psychology: its theoretical and social foundations.
_bIts theoretical and social foundations.
250 _a1
260 _aNew Delhi
_bCBS Publishers and Distributors
_c2004
300 _axiii,631
650 _aPsychology
999 _c199246
_d199246